000 00839nam a2200205 a 4500
008 160519s2012 ||||||||||||||||| || u
020 _a9780415492324
050 _aGF 125 Hal
100 _aHall, Tim
245 1 0 _aUrban geography
_cBy Tim Hall and Heather Barrett
250 _a4th ed.
260 _aLondon:
_bRoutledge
_c2012
300 _axviii, 366p.: ill.
350 _a57.95
490 _aRoutledge contemporary human geography series
650 0 _aURBAN GEOGRAPHY
700 _aBarrett, Heather
995 _aMAIN LIBRARY OPEN ACCESS
_e745900
_FCBU-MAIN LIBRARY (Kitwe)
_I57.95
_jGF 125 Hal
_M2
_UAVAILABLE
_WMay 27, 2016
_y745900
_ZMain Library Open Access Collection
995 _aMAIN LIBRARY OPEN ACCESS
_e745899
_FCBU-MAIN LIBRARY (Kitwe)
_I57.95
_jGF 125 Hal
_M1
_UAVAILABLE
_WMay 27, 2016
_y745899
_ZMain Library Open Access Collection
999 _c78556
_d78556